Open Data Biblioteca Nacional de Portugal


República Portuguesa: Ministério da Cultura
Biblioteca Nacional de Portugal

Catálogo da BNP: acesso por Identificadores Unívocos
Registos Bibliográficos associados ao registo de autoridade

Etiqueta de registo: 00254nbm 2200025 450
001 2044085
003 http://id.bnportugal.gov.pt/bib/catbnp/2044085
100 ## $a20200508d1834 k y0pory01030103ba
101 0# $apor
102 ## $aPT
105 ## $ay z 000yy
106 ## $ah
200 1# $a[Ofício de António Feliciano Velho Oldemberg para Joaquim Larcher]
210 #1 $aLisboa,$d22 de Março de 1834
215 ## $a2 documentos
300 ## $aTem em anexo o ofício de Joaquim Larcher solicitando a informação referida
327 1# $aOfício de António Feliciano Velho Oldemberg, Guarda-Mor, para o Bibliotecário-mor referindo que o quadro de oficiais da Biblioteca Pública da Corte, criado por alvará de 26 de Fevereiro, estava completamente preenchido na data em que António José da Silva apresentara a sua portaria de nomeação, e existirem muitos lugares além do quadro, razão pela qual fora reintegrado o Padre D. Benvenuto António Caetano Campos
700 #1 $aOldemberg,$bAntónio Feliciano Velho,$f1794-1846$31780653
702 #1 $aLarcher,$bJoaquim,$f1797-1865$4660$31779975
801 #0 $aPT$bBN$gRPC
966 ## $lBN$mRESARQ$sAHBN/DGA/03/03/Cx.07-07

Etiqueta de registo: 00254nbm 2200025 450
001 2286248
003 http://id.bnportugal.gov.pt/bib/catbnp/2286248
100 ## $a20260513j18171833k y0pory01030103ba
101 0# $apor
102 ## $aPT
105 ## $ay z 000yy
106 ## $ah
200 1# $a [ Informações dirigidas aos funcionários relativas a vários procedimentos técnicos e administrativos a adoptar para o funcionamento da Biblioteca]
210 #1 $aLisboa,$d[1817-1833]
215 ## $a91 doc. (98 f.)$d37 cm
300 ## $aOriginais autógrafos de Monsenhor Joaquim José Ferreira Gordo, alguns assinados
321 1# $aInventário do Arquivo Histórico da Biblioteca Nacional: 1796-1950. Lisboa: BN, 1996. P. 56-57
700 #1 $aGordo,$bJoaquim José Ferreira,$f1758-1838$3101870
702 #1 $aOldemberg,$bAntónio Feliciano Velho,$f1794-1846$4660$31780653
702 #1 $a Soeiro,$bJosé Joaquim Xavier$4660$31959538
801 #0 $aPT$bBN$gRPC
966 ## $lBN$mRESARQ$sAHBN/CR/08/Cx. 01-Mc. 02-64-154
971 ## $cmrosario$d20260513

OpendataBNP@bnportugal.pt | Mais informação sobre acesso aos dados BNP